000 00459nam a2200193Ia 4500
005 20240823013647.0
008 240823s9999||||xx |||||||||||||| ||und||
020 _a81-297-0273-8
041 _aENGLISH
082 _A179.962 P4
100 _a"Fleddermann,Charles B"
245 0 _aEngineering Ethics
250 _a2nd
260 _c2004
_b"Pearson,"
500 _aTRANSFERED
650 _aEngineering Science
_bGeneral
942 _cBK
999 _c167864
_d167864